Riconosci il Pokémon - Quiz n°835 - Statistics

Statistiche generali
  • Questo quiz è stato fatto 2 volte
  • Il punteggio medio è 8 su 10
Statistiche sulle risposte
Indizio Riposta % Corretto
Peso 120,0 kg; ???,? kg (Gigamax)
100%
Sesso 50% ♂, 50% ♀
100%
Abilità Fuocardore; Fumochiaro; Corpodifuoco
100%
Tipo Fuoco / Coleottero
100%
Generazione Ottava
100%
Altezza 3,0 m; > 75,0 m (Gigamax)
50%
Tasso di cattura 75 (17.5%)
50%
Pokémon Centiskorch
50%
Tasso di allevamento Medio-Veloce
50%
Stadio evoluzione Prima evoluzione
50%
Nessun quiz corrispondente trovato
Distribuzione punteggi
Percentuale di utenti per punteggio
Percentile per numero di risposta
I tuoi punteggi nel tempo
Non hai fatto questo quiz